Quizzes
Events
Quiz Creation
Community
Videos
Private Events
Remove Ads
Sign In
Join for FREE
Feedback
Dark Mode
Quiz Categories
Sports
Geography
Music
Movies
Television
Just For Fun
Miscellaneous
History
Literature
Language
Science
Gaming
Entertainment
Religion
Holiday
For Kids
Quiz Lab
Recent
Popular Today
Quiz Kudos Today
Editor Picks
Curator Picks
Quizzes by...
Day
Popularity
Type
Ratings
Length
Year
Community
Subscriptions
Recent Discussions
Orange Saloon
Badges
Playlists
Quests
Create
Leaderboards
Showdown
Live 5
Trivia Bingo
Activity
Puzzle Library
Sporcle Events
Private Events
Virtual Trivia
Globe League
Become a Host
Pub Owners
SporcleCon
Opinionation
Our Games
Videos
Blog
Mobile Apps
Partnerships
Remove Ads and Go Orange
Feedback
Music
Pop Music
The Beatles
Song
Album
Lyrics
Bands
Singers
Artist
Clip
Rock
Rap
Classical
Billboard
Country Music
Kpop
Taylor Swift
Music
Pop Music
The Beatles
Song
Album
Lyrics
Bands
Singers
Artist
Clip
Rock
Rap
Classical
Billboard
Country Music
Kpop
Taylor Swift
Random Quiz
Search Sporcle
×
Quiz Lab
Quiz Lab
Music
Song
Type in answers that appear in a list
Type in answers that appear in a list
Classic
Best Score? Go Orange.
Finish the lyrics - Best songs of 2009 Stats
Can you name the end of the lyrics from the best songs of 2009?
By
doubleadude21
5m
24 Questions
2,096 Plays
2,096 Plays
2,096 Plays
Comments
Comments
Give Quiz Kudos
Give Quiz Kudos
-
- Ratings
hide this ad
More Info
Replay
Link that replays current quiz
Next Quiz
Link to next quiz in quiz playlist
You Got
0%
They Got
Avg Score
28%
Avg Friend Score
Upgrade to see
Score Distribution
Jump to the score distribution portion of the page
Score
0/24
Timer
05:00
0
Plays Today
STARTED LYRICS
FINISHED LYRICS
% Correct
It's a love story
baby just say yes
70.8%
You spin my head
right round right round
68.9%
Shawty fire burnin'
on the dancefloor
67%
That tonight's gonna be
a good night
64.6%
I'd like to make myself believe...
that planet earth turns slowly
64.1%
I used to be love drunk
but now i'm hungover
46.1%
Why does love always feel like a
battlefield
40.9%
Please, please, don't
leave me
33.5%
I want your love and I want your revenge
you and me could write a bad romance
30.3%
I'm your biggest fan
i'll follow you until you love me
29.6%
Shawty's like a melody in my head
that I can't keep out
28%
Remember those walls I built...
well baby they're tumbling down
23.3%
STARTED LYRICS
FINISHED LYRICS
% Correct
Do you want love or you want fame..
are you in the game
19.7%
If today was your last day
and tomorrow was too late
19%
Painted faces fill the spaces
I can't reach
14.5%
That's what you get for
waking up in vegas
14.1%
There's a voice inside my head saying...
you'll never reach it
12.7%
I'll take you away, turn this place into
our private getaway
12.3%
Have you ever though just maybe..
you belong with me
11.6%
I like that BOOM BOOM POW,
them chickens jacking my style
9.4%
When I see you...
I run out of words to say
4.7%
Sometimes love, comes, around...
and then it knocks you down
4%
Shawty got that super thing..
hotter than the sun in the south in spain
0.7%
To come out and play
if it's alright
0.6%
Quiz Playlist
Details
Report
Send in Message
Add To Playlist
More Info:
These are some of the best rated songs of 2009, some of the lyrics to them are already put out for you, but can you finish them?
Classic:
Type in answers that appear in a list
Last Updated: Feb 16, 2017
Quiz Scoreboard
CHALLENGE
Sign Up to Join the Scoreboard
Show All
Scores
Hide
Comments
May contain spoilers
Recently Published
Presidents Visiting Landmarks
by Hejman
History
7m
An Introduction to Baseball
by treessimontrees
Sports
5m
Movies - When Are They Set?
by FPL_Elf
Movies
5m
More to Explore
Quiz From the Vault
Featured Blog Post
Where Did the Easter Bunny Come From?
hide this ad
You Might Also Like...
Tags
Lyrics Quiz
Song Quiz
2009
end
finish
Finished
Started
Today's Top Quizzes in Music
Browse Music
hide this ad
Today's Top Quizzes in Song
Browse Song
Top Contributed Quizzes in Music
1
Taylor Swift All Songs (2024)
2
Guess the Artist- 70s Songs
3
Taylor Swift Logic Puzzle
4
KPOP LOGIC QUIZ
5
One Thing in Common: Music
6
2010s Album by Cover III
7
7-to-1: Billboard Hot 100 #1 Hits of 2010s
8
Guess the Taylor Swift song (Mystery Song)
9
Sorting Albums and Songs
10
2000s Album Cover Bunker
Explore More
Trending Topics
Crossword
Marvel
Disney
NBA
Anime
Harry Potter
Kpop
NFL
Pokémon
WWE
The Office
Song
Soccer
Puzzle
Country
hide this ad
More By:
doubleadude21
Quiz
Plays
Rating
Category
Featured
Created
Finish the lyrics - Best songs of 2009
2,096
2.13
Music
Jan 7, 2010
Go to Creator's Profile
Score Distribution
Quiz Creator Spotlight
doubleadude21
Follow
Send a Message
Quizzes Created
-
Created Quiz Play Count
-
More By This Creator
Popular Quizzes Today
1
Find the US States - No Outlines Minefield
2
Find the Countries of Europe - No Outlines Minefield
3
The Countries of the World
4
Find the US States
5
Popular People in 1961
6
US States
7
Risky Map Clicking: Biggest States A-Z
8
1-10 Letter E Words III
More Music Quizzes
Taylor Swift Songs by Lyric (Clickable)
Quiz Lab
Trending Quizzes
Risky Map Clicking: Least Populous States A-Z
1-10 Letter G Words
1-10 Letter F Words
One Thing in Common: United Kingdom
Risky Map Clicking: Next State Alphabetically
Recently Updated
Leaping Animals
pecheneg
Reality TV Shows (A-Z)
bhenderson79
Rickey Henderson's Hall of Fame Teammates
pecheneg
Champions League XIs: Arsenal
pecheneg
Quick Pick: Celebrities in WWE's Hall of Fame
aduchscher
A-Z Keypad Blitz II
pecheneg
Multiple Oscar Actors
pecheneg
Mystery Phrase Blitz: Oscar 'Best Actors'
pecheneg
F. Scott Fitzgerald Novels
LTH
Pick 3 Villains
ddd62291
Trending Topics
Kpop
Disney
Harry Potter
Marvel
Anime
NBA
Crossword
Soccer
Pokémon
NFL
The Office
Song
Country
Puzzle
WWE
Your Account Isn't Verified!
In order to create a playlist on Sporcle, you need to verify the email address you used during registration. Go to your
Sporcle Settings
to finish the process.
Report this User
Report this user for behavior that violates our
Community Guidelines
.
Details:
Send Report
Go to the Sporcle.com Mobile Site →
Comments